000 01009nam a2200277 i 4500
001 bg
100 1 _aWUNDERLICH, Walter
_d(1931- )
245 1 0 _aMechanics of structures :
_bvariational and computational methods /
_cWalter Wunderlich, Walter D. Pilkey.
250 _a2nd ed.
260 _aBoca Raton [et al.] :
_bCRC,
_c2003.
300 _a[18], 892 s. :
_bil. ;
_c26 cm.
504 _aBibliogr. - Indeks.
650 9 _aWytrzymałość materiałów
_xbadanie
_xmetody
650 9 _aKonstrukcje
_xmechanika
_xbadanie
650 9 _aMechanika stosowana
_xmatematyka
650 9 _aMatematyka
_xstosowanie
_xmechanika
700 1 _aPILKEY, Walter D.
020 _a0849307007
040 _cBPK
041 0 _aeng
080 _a539.4:620.1:621.01:624.01/.07]:517.9:519.61/.64
920 _a0-8493-0700-7
942 _cKS
008 s pl f |000 0 pol
999 _c44705
_d44705
856 _uhttp://koha.tu.koszalin.pl/cgi-bin/koha/opac-detail.pl?biblionumber=44705
_yKatalog online BPK